[Event "Oberliga Ost B 2023 2024"]
[Site "?"]
[Date "2024.02.25"]
[Round "7.1"]
[Board "1"]
[White "Humburg, Philipp"]
[Black "Bethke, Richard"]
[Result "0-1"]
[WhiteElo "2256"]
[BlackElo "2336"]
[PlyCount "112"]
[EventDate "2023.10.22"]
[EventType "team-tourn"]
[EventCountry "GER"]
[WhiteTeam "Marburg SK"]
[BlackTeam "Neuberg SF"]
[WhiteTeamCountry "GER"]
[BlackTeamCountry "GER"]

1. d4 f5 2. g3 Nf6 3. Bg2 e6 4. Nf3 d5 5. O-O Be7 6. c4 Ne4 7. b3 Nc6 8. Ba3 h5 9. Bxe7 Qxe7 10. Ne5 Nxe5 11. dxe5 dxc4 12. Bxe4 fxe4 13. Qd4 Bd7 14. Qxe4 O-O-O 15. Qe3 Kb8 16. bxc4 Bc6 17. Nc3 Qb4 18. Rfd1 Qxc4 19. Qg5 Kc8 20. Rxd8+ Rxd8 21. Rc1 b5 22. a3 a5 23. Qe3 b4 24. axb4 axb4 25. Nd1 Qe4 26. Qxe4 Bxe4 27. f3 Rxd1+ 28. Rxd1 Bc2 29. Rd4 b3 30. Rb4 c5 31. Rb5 c4 32. Kf2 Kd7 33. Ke3 c3 34. Kd4 b2 35. Kxc3 b1=Q 36. Rxb1 Bxb1 37. e4 g5 38. Kd4 Bc2 39. h4 Bd1 40. f4 gxh4 41. gxh4 Bc2 42. Ke3 Kc6 43. Kf3 Kc5 44. f5 exf5 45. exf5 Bxf5 46. Kf4 Be6 47. Kg5 Bg4 48. Kg6 Kc6 49. Kf7 Kd7 50. Kf6 Ke8 51. Kg5 Kf7 52. Kf4 Ke6 53. Ke4 Bf5+ 54. Kf4 Bh3 55. Ke4 Bg4 56. Kd4 Bf5 0-1

[Event "Oberliga Ost B 2023 2024"]
[Site "?"]
[Date "2024.02.25"]
[Round "7.1"]
[Board "2"]
[White "Kuenstler, Christian"]
[Black "Zienert, Richard"]
[Result "1-0"]
[WhiteElo "2279"]
[BlackElo "2271"]
[PlyCount "79"]
[EventDate "2023.10.22"]
[EventType "team-tourn"]
[EventCountry "GER"]
[WhiteTeam "Neuberg SF"]
[BlackTeam "Marburg SK"]
[WhiteTeamCountry "GER"]
[BlackTeamCountry "GER"]

1. Nf3 c5 2. g3 g6 3. Bg2 Bg7 4. c4 Nc6 5. Nc3 d6 6. e3 Nh6 7. O-O Nf5 8. b3 h5 9. Bb2 h4 10. Qc2 e5 11. Nd5 Be6 12. a3 Bxd5 13. cxd5 Nce7 14. b4 cxb4 15. axb4 hxg3 16. hxg3 Qd7 17. e4 Nh6 18. Qa4 Nc8 19. Qxd7+ Kxd7 20. Bh3+ f5 21. Ng5 Bf6 22. Ne6 g5 23. Rfc1 Bd8 24. d4 g4 25. Bf1 Nf7 26. Nxd8 Kxd8 27. Be2 Rg8 28. exf5 e4 29. Kg2 Ne7 30. f6 Nf5 31. Re1 e3 32. Bd3 exf2 33. Kxf2 Rg6 34. Re6 Rh6 35. Bxf5 Rh2+ 36. Ke3 Rxb2 37. Bg6 Nh8 38. Re8+ Kd7 39. Rxa8 Nxg6 40. Rg8 1-0

[Event "Oberliga Ost B 2023 2024"]
[Site "?"]
[Date "2024.02.25"]
[Round "7.1"]
[Board "3"]
[White "Dorst, Johannes"]
[Black "Wahedi, Ahmad Siar"]
[Result "0-1"]
[WhiteElo "2190"]
[BlackElo "2256"]
[PlyCount "132"]
[EventDate "2023.10.22"]
[EventType "team-tourn"]
[EventCountry "GER"]
[WhiteTeam "Marburg SK"]
[BlackTeam "Neuberg SF"]
[WhiteTeamCountry "GER"]
[BlackTeamCountry "GER"]

1. e4 e6 2. d4 d5 3. Nc3 Bb4 4. e5 c5 5. a3 Bxc3+ 6. bxc3 Qc7 7. Qg4 f6 8. Qg3 cxd4 9. exf6 Qxg3 10. hxg3 Nxf6 11. cxd4 Nc6 12. Nf3 Bd7 13. Bd3 O-O-O 14. O-O h6 15. Re1 Rhf8 16. c3 Ng4 17. Ra2 Rf6 18. a4 Be8 19. Rae2 Bd7 20. Ba3 g5 21. a5 Kc7 22. a6 b6 23. c4 dxc4 24. Bxc4 Bc8 25. Bb2 Rf5 26. Bxe6 Bxe6 27. Rxe6 Rb5 28. Bc3 Rd6 29. Nd2 Nf6 30. Rxd6 Kxd6 31. Nc4+ Kc7 32. Ne3 Nd5 33. Nxd5+ Rxd5 34. Kf1 b5 35. Re6 h5 36. Rh6 g4 37. Ke2 b4 38. Bb2 Nxd4+ 39. Bxd4 Rxd4 40. Rxh5 Kb6 41. Rh6+ Kb5 42. Ke3 Rd8 43. f3 b3 44. Kf4 b2 45. Rh1 gxf3 46. Rb1 Rd2 47. gxf3 Kc4 48. g4 Kc3 49. g5 Rd6 50. Ke5 Rxa6 51. f4 Ra1 52. Rxb2 Kxb2 53. f5 Rg1 54. g6 a5 55. Kf6 a4 56. g7 a3 57. Kf7 a2 58. g8=Q Rxg8 59. Kxg8 a1=Q 60. f6 Qg1+ 61. Kf8 Qc5+ 62. Kg8 Qg5+ 63. Kf7 Kc3 64. Ke6 Qe3+ 65. Kd7 Qf4 66. Ke6 Qe4+ 0-1

[Event "Oberliga Ost B 2023 2024"]
[Site "?"]
[Date "2024.02.25"]
[Round "7.1"]
[Board "4"]
[White "Lutz, Klaus Juergen"]
[Black "Baum, Bernd"]
[Result "1/2-1/2"]
[WhiteElo "2230"]
[BlackElo "2213"]
[PlyCount "108"]
[EventDate "2023.10.22"]
[EventType "team-tourn"]
[EventCountry "GER"]
[WhiteTeam "Neuberg SF"]
[BlackTeam "Marburg SK"]
[WhiteTeamCountry "GER"]
[BlackTeamCountry "GER"]

1. e4 c5 2. a3 g6 3. Bc4 Bg7 4. Nf3 Nc6 5. c3 d6 6. O-O Nf6 7. Qe2 O-O 8. h3 d5 9. exd5 Nxd5 10. d4 cxd4 11. Nxd4 Nxd4 12. cxd4 Be6 13. Rd1 Rc8 14. Ba2 Qb6 15. Nc3 Nxc3 16. bxc3 Bxa2 17. Qxa2 Rxc3 18. Rb1 Qc7 19. Qb2 b6 20. Bf4 Qc4 21. Be5 Rc8 22. Bxg7 Kxg7 23. d5 f6 24. Qd2 Qc5 25. a4 Rc2 26. Qe1 Rc7 27. h4 Qd6 28. Rd4 R7c4 29. Rbd1 Qe5 30. Rxc4 Rxc4 31. Qd2 Rxa4 32. g3 Re4 33. Kf1 Qc7 34. Rc1 Rc4 35. Re1 Qd7 36. Re6 Rc7 37. Kg1 b5 38. Qd4 Rb7 39. g4 Rb6 40. Rxb6 axb6 41. g5 Qd6 42. gxf6+ exf6 43. Qd3 b4 44. Kg2 h5 45. f3 Kf7 46. Qb3 f5 47. Qd3 Ke7 48. Qd4 b3 49. Qe3+ Kd7 50. Qxb3 Qc5 51. Qb2 Qd6 52. Qg7+ Kc8 53. Qf7 Kd8 54. Qg8+ Ke7 1/2-1/2

[Event "Oberliga Ost B 2023 2024"]
[Site "?"]
[Date "2024.02.25"]
[Round "7.1"]
[Board "5"]
[White "Alber, Horst"]
[Black "Seifert, Christopher"]
[Result "0-1"]
[WhiteElo "2226"]
[BlackElo "2319"]
[PlyCount "80"]
[EventDate "2023.10.22"]
[EventType "team-tourn"]
[EventCountry "GER"]
[WhiteTeam "Marburg SK"]
[BlackTeam "Neuberg SF"]
[WhiteTeamCountry "GER"]
[BlackTeamCountry "GER"]

1. Nf3 g6 2. g3 Bg7 3. Bg2 c5 4. O-O Nc6 5. d3 e6 6. Nbd2 d5 7. a3 Nge7 8. Rb1 a5 9. a4 O-O 10. e4 b6 11. Re1 Ba6 12. e5 Qc7 13. Qe2 Nb4 14. Nf1 Rac8 15. Ne3 Nec6 16. Ng4 Nd4 17. Nxd4 cxd4 18. Bh6 Qxc2 19. Qf3 Qxd3 20. Qf4 Qf5 21. Nf6+ Kh8 22. Qh4 Bxh6 23. Qxh6 g5 24. Bf3 Bd3 25. Rbd1 Qxf3 26. Rxd3 Qf5 27. Rd2 Qg6 28. Qh3 d3 29. b3 Rc2 30. Red1 Rfc8 31. Qg4 Rxd2 32. Rxd2 Nc6 33. f4 gxf4 34. Qxf4 Nb4 35. Qd4 Qg5 36. Rd1 Rc6 37. Kh1 Kg7 38. Kg1 Rc5 39. Nd7 Rc2 40. Qxb6 Qh5 0-1

[Event "Oberliga Ost B 2023 2024"]
[Site "?"]
[Date "2024.02.25"]
[Round "7.1"]
[Board "6"]
[White "Sergin, Mark"]
[Black "Henrich, Thomas"]
[Result "1-0"]
[WhiteElo "2237"]
[BlackElo "2122"]
[PlyCount "101"]
[EventDate "2023.10.22"]
[EventType "team-tourn"]
[EventCountry "GER"]
[WhiteTeam "Neuberg SF"]
[BlackTeam "Marburg SK"]
[WhiteTeamCountry "GER"]
[BlackTeamCountry "GER"]

1. e4 c5 2. Nc3 a6 3. Nge2 e6 4. d4 cxd4 5. Nxd4 Nc6 6. g3 d6 7. Bg2 Qc7 8. O-O Nf6 9. Re1 Be7 10. Nxc6 bxc6 11. e5 dxe5 12. Rxe5 Bb7 13. Re1 O-O 14. Bf4 Qb6 15. Na4 Qb5 16. c4 Qxc4 17. Nb6 Qb5 18. Nxa8 Bxa8 19. Qe2 Qb6 20. Be5 Re8 21. Red1 Nd5 22. Qg4 Bf6 23. Rxd5 h5 24. Qd4 Qxd4 25. Rxd4 Bxe5 26. Ra4 c5 27. Rc1 Bd4 28. Rxa6 Bxg2 29. Kxg2 e5 30. Rc4 Rb8 31. b3 g6 32. Raa4 Kg7 33. b4 cxb4 34. Raxb4 Ra8 35. a4 g5 36. Rc2 Ra6 37. Ra2 f5 38. a5 g4 39. h4 Kf6 40. Kf1 Ke6 41. Rb7 Kd5 42. Rf7 Ke4 43. Re2+ Kd3 44. Rxf5 Rxa5 45. Rxh5 Ra1+ 46. Re1 Ra2 47. Rf5 Ra6 48. Rexe5 Bxe5 49. Rxe5 Ra1+ 50. Kg2 Ra4 51. Rf5 1-0

[Event "Oberliga Ost B 2023 2024"]
[Site "?"]
[Date "2024.02.25"]
[Round "7.1"]
[Board "7"]
[White "Rolle, Eric"]
[Black "Overbeck, Thorsten"]
[Result "1/2-1/2"]
[WhiteElo "2129"]
[BlackElo "2272"]
[PlyCount "153"]
[EventDate "2023.10.22"]
[EventType "team-tourn"]
[EventCountry "GER"]
[WhiteTeam "Marburg SK"]
[BlackTeam "Neuberg SF"]
[WhiteTeamCountry "GER"]
[BlackTeamCountry "GER"]

1. c4 c6 2. Nc3 d5 3. cxd5 cxd5 4. d4 Nf6 5. Bg5 Ne4 6. Nxe4 dxe4 7. Qd2 Qd5 8. f3 Nc6 9. fxe4 Qxd4 10. Qxd4 Nxd4 11. O-O-O Nc6 12. Nf3 f6 13. Bd2 e5 14. e3 Be6 15. Kb1 a6 16. Rc1 Be7 17. Bc4 Kf7 18. Rhf1 Bxc4 19. Rxc4 Rhd8 20. Rxc6 bxc6 21. Ba5 Rdc8 22. Nxe5+ Ke6 23. Nc4 Bd8 24. Bc3 Bc7 25. h4 Re8 26. Rf5 Rab8 27. a4 Kd7 28. e5 fxe5 29. Rg5 Re7 30. h5 Rbe8 31. Kc2 h6 32. Rg6 Rf7 33. e4 Ree7 34. Ne3 Re6 35. Rg3 g6 36. hxg6 Rg7 37. Nf5 Rgxg6 38. Rd3+ Kc8 39. g3 Rg4 40. Re3 h5 41. Kd3 Bd8 42. Kc4 Kb7 43. a5 Rf6 44. Kd3 Bc7 45. Re2 Rf7 46. Rh2 Rh7 47. Ke3 c5 48. Kf3 Rg8 49. Rc2 Rc8 50. Bd2 Bb8 51. Rc4 Kc6 52. Rc3 Rb7 53. Be3 Bd6 54. b4 Rxb4 55. Bxc5 Bxc5 56. Ne7+ Kb7 57. Nxc8 Rb5 58. Nb6 Rxa5 59. Nd5 Ra3 60. Rxa3 Bxa3 61. Nf6 a5 62. Ke2 Be7 63. Nxh5 Kc6 64. Kd3 Kc5 65. Kc3 a4 66. Ng7 Kb5 67. g4 Bb4+ 68. Kb2 Bd2 69. Ne6 Kc6 70. Ka3 Kd6 71. Nd8 Kc5 72. Nf7 Kd4 73. g5 Bxg5 74. Nxg5 Ke3 75. Kxa4 Kf4 76. Nf7 Kxe4 77. Nxe5 1/2-1/2

[Event "Oberliga Ost B 2023 2024"]
[Site "?"]
[Date "2024.02.25"]
[Round "7.1"]
[Board "8"]
[White "Koller, Jens"]
[Black "Duncker, Joachim"]
[Result "1-0"]
[WhiteElo "2137"]
[BlackElo "2074"]
[PlyCount "119"]
[EventDate "2023.10.22"]
[EventType "team-tourn"]
[EventCountry "GER"]
[WhiteTeam "Neuberg SF"]
[BlackTeam "Marburg SK"]
[WhiteTeamCountry "GER"]
[BlackTeamCountry "GER"]

1. e4 c5 2. Nf3 d6 3. d4 cxd4 4. Nxd4 Nf6 5. Nc3 a6 6. Bg5 e6 7. f4 Nbd7 8. Qf3 h6 9. Bxf6 Nxf6 10. O-O-O Qc7 11. g4 b5 12. Bg2 Bb7 13. Rhe1 Be7 14. g5 hxg5 15. fxg5 Nd7 16. g6 Bg5+ 17. Kb1 Ne5 18. gxf7+ Qxf7 19. Qe2 b4 20. Na4 Rc8 21. Nf3 Nxf3 22. Bxf3 Qc7 23. Bg4 Bf4 24. h3 Ke7 25. Bxe6 Qxc2+ 26. Qxc2 Rxc2 27. Kxc2 Kxe6 28. Nb6 Rxh3 29. Nd5 Rh2+ 30. Kb3 Be5 31. Kxb4 Rxb2+ 32. Ka3 Rh2 33. Re3 Bb2+ 34. Kb3 Be5 35. Nc7+ Kd7 36. Nd5 Bc6 37. Rf1 Rb2+ 38. Ka3 Rb5 39. Nb4 Bd4 40. Rf7+ Ke6 41. Re7+ Kxe7 42. Nxc6+ Kf6 43. Rf3+ Kg5 44. Nxd4 Re5 45. Rf5+ Kg4 46. Rxe5 dxe5 47. Ne6 g6 48. Kb4 Kf3 49. Kc4 Kxe4 50. Nc5+ Kf3 51. Nd3 e4 52. Ne5+ Kf2 53. Kd4 e3 54. Ng4+ Kf3 55. Nxe3 g5 56. a4 a5 57. Kd3 g4 58. Nc4 g3 59. Nd2+ Kf4 60. Ke2 1-0

[Event "Oberliga Ost B 2023 2024"]
[Site "?"]
[Date "2024.02.25"]
[Round "7.2"]
[Board "1"]
[White "Engers, Felix"]
[Black "Konopka, Michal"]
[Result "1/2-1/2"]
[WhiteElo "2206"]
[BlackElo "2342"]
[PlyCount "48"]
[EventDate "2023.10.22"]
[EventType "team-tourn"]
[EventCountry "GER"]
[WhiteTeam "Erfurter SK II"]
[BlackTeam "Schoeneck SF"]
[WhiteTeamCountry "GER"]
[BlackTeamCountry "GER"]

1. c4 Nf6 2. Nf3 g6 3. d4 Bg7 4. g3 O-O 5. Bg2 c6 6. Nc3 d5 7. Qb3 Qb6 8. O-O Rd8 9. Bf4 dxc4 10. Qxc4 Be6 11. Qd3 Na6 12. e4 Qxb2 13. a3 Nc5 14. Qb1 Qxc3 15. Rc1 Qd3 16. dxc5 Nxe4 17. Ne5 Qxb1 18. Raxb1 Bd5 19. Rb4 Nd2 20. Rxb7 Nb3 21. Bxd5 Nxc1 22. Nxc6 Ne2+ 23. Kf1 Nxf4 24. gxf4 Bh6 1/2-1/2

[Event "Oberliga Ost B 2023 2024"]
[Site "?"]
[Date "2024.02.25"]
[Round "7.2"]
[Board "3"]
[White "Seinsoth, Paul"]
[Black "Heinatz, Thomas"]
[Result "0-1"]
[WhiteElo "1809"]
[BlackElo "2250"]
[PlyCount "82"]
[EventDate "2023.10.22"]
[EventType "team-tourn"]
[EventCountry "GER"]
[WhiteTeam "Erfurter SK II"]
[BlackTeam "Schoeneck SF"]
[WhiteTeamCountry "GER"]
[BlackTeamCountry "GER"]

1. e4 c5 2. Nf3 d6 3. d4 cxd4 4. Nxd4 Nf6 5. Nc3 g6 6. Be3 Bg7 7. f3 Nc6 8. Qd2 O-O 9. O-O-O Nxd4 10. Bxd4 Be6 11. Kb1 Qc7 12. h4 Rfc8 13. h5 Qa5 14. hxg6 fxg6 15. a3 Rab8 16. Bd3 Bc4 17. Bxf6 Bxf6 18. Qh6 Bf7 19. Qxh7+ Kf8 20. e5 Qxe5 21. Bxg6 Bg8 22. Qh6+ Bg7 23. Qd2 Rxc3 24. Rh5 Qe3 25. Rf5+ Bf6 26. Qxc3 Qxc3 27. bxc3 Kg7 28. Bh5 Rc8 29. Rb5 b6 30. g4 Rxc3 31. Rd3 Rc7 32. g5 Be5 33. Rb4 Bh7 34. g6 Bg8 35. f4 Bf6 36. f5 Bc4 37. Rh3 b5 38. Bf3 Rc5 39. Rh7+ Kg8 40. Rxc4 bxc4 41. Be2 Rb5+ 0-1

[Event "Oberliga Ost B 2023 2024"]
[Site "?"]
[Date "2024.02.25"]
[Round "7.2"]
[Board "4"]
[White "Meyer, Kai Christian"]
[Black "Krueger, Rainer"]
[Result "1/2-1/2"]
[WhiteElo "2190"]
[BlackElo "2107"]
[PlyCount "38"]
[EventDate "2023.10.22"]
[EventType "team-tourn"]
[EventCountry "GER"]
[WhiteTeam "Schoeneck SF"]
[BlackTeam "Erfurter SK II"]
[WhiteTeamCountry "GER"]
[BlackTeamCountry "GER"]

1. d4 Nf6 2. Nf3 g6 3. Bf4 Bg7 4. Nbd2 d5 5. e3 c5 6. c3 cxd4 7. exd4 Nc6 8. Bd3 Bf5 9. Bxf5 gxf5 10. h4 Ne4 11. h5 e6 12. Nxe4 fxe4 13. Nd2 Bf6 14. f3 Bg5 15. Bxg5 Qxg5 16. fxe4 Qxg2 17. Qf3 Qxf3 18. Nxf3 dxe4 19. Ng5 f5 1/2-1/2

[Event "Oberliga Ost B 2023 2024"]
[Site "?"]
[Date "2024.02.25"]
[Round "7.2"]
[Board "6"]
[White "Weiss, Matthias"]
[Black "Zitzelsberger, Philipp"]
[Result "1/2-1/2"]
[WhiteElo "2001"]
[BlackElo "1966"]
[PlyCount "189"]
[EventDate "2023.10.22"]
[EventType "team-tourn"]
[EventCountry "GER"]
[WhiteTeam "Schoeneck SF"]
[BlackTeam "Erfurter SK II"]
[WhiteTeamCountry "GER"]
[BlackTeamCountry "GER"]

1. e4 e5 2. Nf3 Nc6 3. Nc3 Bc5 4. Nxe5 Nxe5 5. d4 Bd6 6. dxe5 Bxe5 7. Bd2 d6 8. f4 Bf6 9. Qf3 Bd7 10. O-O-O Ne7 11. Bd3 Bc6 12. Nd5 Bxd5 13. exd5 Qd7 14. g4 g6 15. h4 Qa4 16. Kb1 h5 17. g5 Bg7 18. Rhe1 Rd8 19. Qe2 O-O 20. Qxe7 c5 21. Re4 Bd4 22. b3 Qa3 23. Bc1 Qb4 24. Bb2 Rde8 25. Qxe8 Rxe8 26. Rxe8+ Kg7 27. c3 Bxc3 28. Re4 Bd4 29. Bxd4+ cxd4 30. Bf1 Qc3 31. Rexd4 Qg3 32. f5 gxf5 33. Bc4 Qe3 34. R1d3 Qe1+ 35. Rd1 Qe3 36. Kc2 f4 37. R1d3 Qg1 38. Rd2 Qe3 39. R4d3 Qe1 40. Rf3 Qe4+ 41. Rdd3 a6 42. a4 Kg6 43. Kd1 Kf5 44. Rf1 Kg4 45. Rdf3 Qb1+ 46. Kd2 Qb2+ 47. Ke1 Kxh4 48. Rxf4+ Kxg5 49. Rf5+ Kg6 50. Rxf7 Qc1+ 51. Ke2 Qb2+ 52. Ke3 Qe5+ 53. Kd3 Qb2 54. Rxb7 a5 55. Rbf7 h4 56. R7f6+ Kg5 57. R6f2 Qh8 58. Rg2+ Kh5 59. Rf5+ Kh6 60. Rg4 Qb2 61. Rxh4+ Kg6 62. Rhf4 Qb1+ 63. Ke2 Qc2+ 64. Kf3 Qd1+ 65. Kg2 Qc2+ 66. Rf2 Qe4+ 67. R5f3 Kh5 68. Kg1 Qe1+ 69. Bf1 Kg4 70. Kh2 Qe5+ 71. Rf4+ Kg5 72. Bg2 Qh8+ 73. Bh3 Qe5 74. Kg1 Qe1+ 75. Bf1 Qe3 76. Rf8 Qd4 77. Rg8+ Kh4 78. Rgg2 Kh5 79. Be2+ Kh6 80. Bf3 Qa1+ 81. Rf1 Qd4+ 82. Kh1 Qd3 83. Rff2 Qe3 84. Rh2+ Kg5 85. Kg2 Qd4 86. Re2 Qf4 87. Rh5+ Kg6 88. Re6+ Kg7 89. Rhh6 Qg5+ 90. Kf2 Qd2+ 91. Be2 Qf4+ 92. Ke1 Qb4+ 93. Kf2 Qf4+ 94. Kg2 Qg5+ 95. Kf3 1/2-1/2

[Event "Oberliga Ost B 2023 2024"]
[Site "?"]
[Date "2024.02.25"]
[Round "7.2"]
[Board "7"]
[White "Duzy, Stefan"]
[Black "Kleschtschow, Juri"]
[Result "0-1"]
[WhiteElo "1919"]
[BlackElo "2110"]
[PlyCount "126"]
[EventDate "2023.10.22"]
[EventType "team-tourn"]
[EventCountry "GER"]
[WhiteTeam "Erfurter SK II"]
[BlackTeam "Schoeneck SF"]
[WhiteTeamCountry "GER"]
[BlackTeamCountry "GER"]

1. e4 e5 2. Nf3 Nf6 3. Nxe5 d6 4. Nf3 Nxe4 5. d3 Nf6 6. d4 Bf5 7. Be2 h6 8. O-O Be7 9. c4 O-O 10. Qb3 Qc8 11. Nc3 c6 12. Re1 Re8 13. Bf4 g5 14. Be3 Nbd7 15. Qd1 Nf8 16. Bd3 Ng6 17. Qc2 Bxd3 18. Qxd3 Bf8 19. Bd2 Qd7 20. Rxe8 Rxe8 21. Re1 Bg7 22. Rxe8+ Nxe8 23. Ne2 d5 24. c5 Qe6 25. Ng3 Ne7 26. h4 f6 27. Qb3 Qd7 28. Qe3 Kf7 29. hxg5 hxg5 30. Qd3 Kg8 31. b4 a6 32. Qe2 Nc7 33. a4 Ne6 34. Qd3 Nf8 35. Qe2 Kf7 36. Kf1 Nf5 37. Nxf5 Qxf5 38. g4 Qe6 39. Ne1 Qxe2+ 40. Kxe2 Ne6 41. Kd3 f5 42. gxf5 Nxd4 43. Bxg5 Nxf5 44. Nf3 Ke6 45. Nd2 a5 46. Nb3 axb4 47. Bd2 Kd7 48. Bxb4 Be5 49. Bd2 Bc7 50. Ba5 Bxa5 51. Nxa5 Kc7 52. Nb3 b6 53. cxb6+ Kxb6 54. a5+ Kb5 55. Nd4+ Nxd4 56. Kxd4 Kxa5 57. Kc5 Ka6 58. Kxc6 d4 59. f4 d3 60. f5 d2 61. Kd6 d1=Q+ 62. Ke7 Qe2+ 63. Kf7 Qh5+ 0-1

[Event "Oberliga Ost B 2023 2024"]
[Site "?"]
[Date "2024.02.25"]
[Round "7.2"]
[Board "8"]
[White "Meyer Cording, Claus"]
[Black "Sunderbrink, Heino"]
[Result "1/2-1/2"]
[WhiteElo "2033"]
[BlackElo "1965"]
[PlyCount "75"]
[EventDate "2023.10.22"]
[EventType "team-tourn"]
[EventCountry "GER"]
[WhiteTeam "Schoeneck SF"]
[BlackTeam "Erfurter SK II"]
[WhiteTeamCountry "GER"]
[BlackTeamCountry "GER"]

1. e4 Nf6 2. e5 Nd5 3. d4 d6 4. Nf3 dxe5 5. Nxe5 c6 6. Be2 Nd7 7. Nxd7 Bxd7 8. O-O Bf5 9. c3 e6 10. Nd2 Be7 11. Nc4 O-O 12. Ne3 Bg6 13. Nxd5 exd5 14. Bf4 Bd6 15. Qd2 Qc7 16. Bxd6 Qxd6 17. Rfe1 Rfe8 18. Bf1 Kf8 19. Rxe8+ Rxe8 20. Re1 Rxe1 21. Qxe1 Qe7 22. Qxe7+ Kxe7 23. f3 Kd6 24. Kf2 b6 25. Ke3 Bb1 26. a3 Bc2 27. b4 Bf5 28. h4 f6 29. Kf4 Bc2 30. g3 Bg6 31. Bh3 Bf7 32. Bf5 g6 33. Bh3 Be6 34. Bf1 h6 35. Bd3 g5+ 36. Ke3 f5 37. hxg5 hxg5 38. f4 1/2-1/2

[Event "Oberliga Ost B 2023 2024"]
[Site "?"]
[Date "2024.02.25"]
[Round "7.3"]
[Board "1"]
[White "Mazurek, Robert"]
[Black "Dolzhykova, Kateryna"]
[Result "1-0"]
[WhiteElo "2234"]
[BlackElo "2255"]
[PlyCount "139"]
[EventDate "2023.10.22"]
[EventType "team-tourn"]
[EventCountry "GER"]
[WhiteTeam "Gernsheim SK"]
[BlackTeam "Oberursel SV"]
[WhiteTeamCountry "GER"]
[BlackTeamCountry "GER"]

1. d4 Nf6 2. c4 g6 3. Nc3 Bg7 4. e4 d6 5. f4 O-O 6. Nf3 c5 7. d5 e6 8. Be2 exd5 9. cxd5 Bg4 10. O-O Nbd7 11. h3 Bxf3 12. Bxf3 Re8 13. g4 h6 14. Re1 a6 15. a4 c4 16. Be3 b5 17. Qc2 b4 18. Ne2 Nxd5 19. Bf2 Nxf4 20. Nxf4 Qf6 21. Nd5 Qg5 22. Nc7 Ne5 23. Be2 c3 24. Nxa8 Rxa8 25. bxc3 Rc8 26. c4 Qf4 27. Rab1 h5 28. Rb3 hxg4 29. hxg4 Nxg4 30. Bxg4 Qxg4+ 31. Rg3 Qe6 32. Rc1 Be5 33. Qd3 Bf4 34. Rc2 Kg7 35. Bd4+ f6 36. Rf3 g5 37. Rxf4 gxf4 38. Rg2+ Kf7 39. Qf3 Rh8 40. Qxf4 Rh5 41. Rf2 f5 42. exf5 Qe1+ 43. Rf1 Qe2 44. Qg3 Rh1+ 45. Kxh1 Qxf1+ 46. Kh2 Qxf5 47. Qxd6 Qc2+ 48. Kh3 Qd3+ 49. Kg4 Qxc4 50. Qd7+ Kf8 51. Kg5 Qc1+ 52. Kf5 Qf1+ 53. Ke5 Qe2+ 54. Kd6 Qh2+ 55. Kc6 Qg2+ 56. Kb6 Qg6+ 57. Ka5 b3 58. Bc5+ Kg8 59. Qd5+ Kh8 60. Qxb3 Qf5 61. Qb8+ Kh7 62. Qc7+ Kh8 63. Qb8+ Kh7 64. Kxa6 Qe6+ 65. Ka7 Qc4 66. Qb5 Qe6 67. a5 Kh8 68. Bd4+ Kg8 69. Qg5+ Kf7 70. Qf6+ 1-0

[Event "Oberliga Ost B 2023 2024"]
[Site "?"]
[Date "2024.02.25"]
[Round "7.3"]
[Board "2"]
[White "Heinz, Axel"]
[Black "Hebbering, Tom Elliot"]
[Result "1/2-1/2"]
[WhiteElo "2426"]
[BlackElo "2192"]
[PlyCount "27"]
[EventDate "2023.10.22"]
[EventType "team-tourn"]
[EventCountry "GER"]
[WhiteTeam "Oberursel SV"]
[BlackTeam "Gernsheim SK"]
[WhiteTeamCountry "GER"]
[BlackTeamCountry "GER"]

1. e4 e5 2. Nf3 Nc6 3. Bb5 a6 4. Ba4 Nf6 5. O-O Be7 6. d3 b5 7. Bb3 d6 8. a3 Na5 9. Ba2 c5 10. Nc3 Be6 11. Nd5 Nxd5 12. Bxd5 Bxd5 13. exd5 O-O 14. b4 1/2-1/2

[Event "Oberliga Ost B 2023 2024"]
[Site "?"]
[Date "2024.02.25"]
[Round "7.3"]
[Board "3"]
[White "Dietz, Holger"]
[Black "Margolin, Boris"]
[Result "1/2-1/2"]
[WhiteElo "2274"]
[BlackElo "2386"]
[PlyCount "37"]
[EventDate "2023.10.22"]
[EventType "team-tourn"]
[EventCountry "GER"]
[WhiteTeam "Gernsheim SK"]
[BlackTeam "Oberursel SV"]
[WhiteTeamCountry "GER"]
[BlackTeamCountry "GER"]

1. e4 g6 2. d4 Bg7 3. Nc3 c6 4. Nf3 d5 5. h3 dxe4 6. Nxe4 Nd7 7. Bc4 Ngf6 8. Nxf6+ Nxf6 9. O-O O-O 10. Bf4 Nd5 11. Be5 f6 12. Bg3 Be6 13. Re1 Bf7 14. Bf1 b5 15. a4 a6 16. Qd2 Qb6 17. Ra3 Rfd8 18. Rea1 Qb7 19. axb5 1/2-1/2

[Event "Oberliga Ost B 2023 2024"]
[Site "?"]
[Date "2024.02.25"]
[Round "7.3"]
[Board "4"]
[White "Weber, Samuel"]
[Black "Mueller, Maximilian"]
[Result "1-0"]
[WhiteElo "2273"]
[BlackElo "2312"]
[PlyCount "73"]
[EventDate "2023.10.22"]
[EventType "team-tourn"]
[EventCountry "GER"]
[WhiteTeam "Oberursel SV"]
[BlackTeam "Gernsheim SK"]
[WhiteTeamCountry "GER"]
[BlackTeamCountry "GER"]

1. e4 c5 2. Nf3 e6 3. Bd3 Nc6 4. O-O Be7 5. Nc3 a6 6. Re1 d6 7. b3 Bf6 8. Bb2 b5 9. Qc1 g5 10. e5 Nxe5 11. Nxe5 Bxe5 12. Ne4 f6 13. Bxe5 dxe5 14. Nxc5 Ne7 15. Qd1 O-O 16. Qh5 Rf7 17. h4 gxh4 18. Qxh4 Nc6 19. Re4 Rg7 20. Rae1 Raa7 21. R4e3 Raf7 22. Rg3 Rxg3 23. Qxg3+ Rg7 24. Qh4 Qe7 25. b4 f5 26. Qxe7 Rxe7 27. c3 e4 28. Be2 Ne5 29. a4 bxa4 30. Ra1 Nd7 31. Nxa4 f4 32. Nb2 Ne5 33. Nc4 Nc6 34. Nd6 Bb7 35. Bxa6 Ba8 36. Bb5 Na7 37. Nc8 1-0

[Event "Oberliga Ost B 2023 2024"]
[Site "?"]
[Date "2024.02.25"]
[Round "7.3"]
[Board "5"]
[White "Peterson, Emery"]
[Black "Dubiel, Jacek"]
[Result "1/2-1/2"]
[WhiteElo "2170"]
[BlackElo "2373"]
[PlyCount "54"]
[EventDate "2023.10.22"]
[EventType "team-tourn"]
[EventCountry "GER"]
[WhiteTeam "Gernsheim SK"]
[BlackTeam "Oberursel SV"]
[WhiteTeamCountry "GER"]
[BlackTeamCountry "GER"]

1. e4 e5 2. Nf3 Nc6 3. d4 exd4 4. Nxd4 Nf6 5. Nc3 Bb4 6. Nxc6 bxc6 7. Bd3 d5 8. exd5 cxd5 9. O-O O-O 10. Bg5 c6 11. Qf3 Bd6 12. h3 Rb8 13. Rab1 Re8 14. Ne2 Be5 15. b3 h6 16. Bf4 Qd6 17. Rfe1 Rb7 18. Bxe5 Qxe5 19. Nc3 Qxe1+ 20. Rxe1 Rxe1+ 21. Kh2 Rbe7 22. Qf4 R1e5 23. Qb4 Bd7 24. Qd4 Be8 25. a4 Ne4 26. b4 g6 27. f3 Nxc3 1/2-1/2

[Event "Oberliga Ost B 2023 2024"]
[Site "?"]
[Date "2024.02.25"]
[Round "7.3"]
[Board "6"]
[White "Schlamp, Robert"]
[Black "Borchert, Rene"]
[Result "1/2-1/2"]
[WhiteElo "2247"]
[BlackElo "2231"]
[PlyCount "86"]
[EventDate "2023.10.22"]
[EventType "team-tourn"]
[EventCountry "GER"]
[WhiteTeam "Oberursel SV"]
[BlackTeam "Gernsheim SK"]
[WhiteTeamCountry "GER"]
[BlackTeamCountry "GER"]

1. d4 d5 2. Nf3 Nf6 3. e3 Bf5 4. c4 c6 5. Nc3 e6 6. Be2 h6 7. O-O Nbd7 8. Qb3 Qb6 9. Qa4 Be7 10. a3 O-O 11. c5 Qc7 12. b4 a6 13. Bb2 Ne4 14. Rfd1 Bf6 15. Qb3 e5 16. Rac1 Rfe8 17. Nxe4 Bxe4 18. a4 exd4 19. Bxd4 Ne5 20. Qc3 Ng4 21. g3 Bxd4 22. Qxd4 Qd7 23. Nh4 g5 24. Ng2 Ne5 25. Ne1 Qf5 26. Rd2 Re6 27. Bd1 g4 28. Bc2 Nf3+ 29. Nxf3 gxf3 30. Kh1 Bxc2 31. Rdxc2 Qh3 32. Rg1 Re4 33. Qf6 Qh5 34. Rcc1 Rxb4 35. g4 Qg6 36. Qxf3 Rxa4 37. Rb1 Rc4 38. Rxb7 Rxc5 39. Rb4 Rb5 40. Rf4 Kg7 41. Rf5 Rab8 42. Rg3 d4 43. exd4 Rd8 1/2-1/2